| 000 | 00686nmc a2200253 a 4500 | ||
|---|---|---|---|
| 003 | AR-BaBNM | ||
| 005 | 20251128211332.0 | ||
| 008 | 264020s2000 ||||||||||||||000 | spa|| | ||
| 020 | _a950-531-170-2 | ||
| 040 | _cAR-BaBNM | ||
| 100 | 1 | _aIglesias, Carlos A. | |
| 245 | 1 | 0 | _aAprendiendo a jugar vóleibol en la escuela |
| 260 |
_aBuenos Aires _bStadium _c2000 |
||
| 300 |
_a32 p. _bil., tablas |
||
| 490 | 0 | _aAprendiendo a jugar en la escuela | |
| 650 | 4 | _aEDUCACION FISICA | |
| 650 | 4 | _aDEPORTE | |
| 650 | 4 | _aJUEGOS DE PELOTA | |
| 653 | _aREGLAMENTOS DEPORTIVOS | ||
| 653 | _aEDUCACION GENERAL BASICA | ||
| 700 | 0 |
_aSelene _eilustrador |
|
| 942 | _cBK | ||
| 998 | _cEugenia | ||
| 999 |
_c19218 _d19218 |
||